000 01285nam2a2200265 4500
001 RU\NLR\BIBL_A\010003745
005 20260406093738.0
010 _a978-5-381-00377-5
_bт. 1
_93000
021 _aRU
_b2013-78926
_95441
035 _a(NLR Aleph) 010003745
090 _a9811841
_c9811841
100 _a20131113d2013 |||y0rusy50 ca
101 1 _arus
_cfre
102 _aRU
105 _aac||z|||000ay
200 1 _aПять недель на воздушном шаре
_f[ил. Эдуарда Риу
_gпер. с фр. А. Бекетовой]
210 _d2013
_aБ. м.
215 _a254, [1] c.
_cил., портр.
461 0 _1001RU\NLR\BIBL_A\010028345
_12000#$aИзбранные произведения$e[в 6 т.]$fЖюль Верн$g[пер. с фр. И. Петрова$gил. Ж.-Д. Фера]$v[Т. 1]
_1700#1$aВерн$bЖ.$gЖюль$f1828-1905$3RU\NLR\AUTH\773453
_99936061
_aВерн, Ж. (1828-1905)
_cМосква
_d2013
_fЖюль Верн
_nПрестиж Бук
_o[в 6 т.]
_tИзбранные произведения
_y9785381003768
_v[Т. 1]
702 1 _4440
_7ca
_8rus
_aРиу
_bЭ.
_f1833-1900
_gЭдуард
_950051
_3RU\NLR\AUTH\7767123
942 _cBOOK
980 _aNB